Vytrvalé ignorovanie potrieb odboru stav psychiatrickej starostlivosti na Slovensku pod drobnohľadom expertov

Psychiatrická starostlivosť na Slovensku nezodpovedá súčasným potrebám. Presné ukazovatele duševného stavu obyvateľstva nepoznáme - v SR sa neuskutočnili epidemiologické prieskumy duševných porúch. Nedostatočná starostlivosť o deti z hľadiska prevencie. Finančné ohodnotenie psychiatrickej starostliv...

Descripción completa

Guardado en:
Detalles Bibliográficos
Autor principal: Breier, Peter
Formato: Capítulo de libro
Lenguaje:eslovaco
Materias:
Etiquetas: Agregar Etiqueta
Sin Etiquetas, Sea el primero en etiquetar este registro!

MARC

LEADER 00000naa$a2200000$$$4500
001 0038150
005 20231016085014.4
041 0 |a slo 
044 |a SK 
245 1 0 |a Vytrvalé ignorovanie potrieb odboru  |b stav psychiatrickej starostlivosti na Slovensku pod drobnohľadom expertov  |c Peter Breier 
520 |a Psychiatrická starostlivosť na Slovensku nezodpovedá súčasným potrebám. Presné ukazovatele duševného stavu obyvateľstva nepoznáme - v SR sa neuskutočnili epidemiologické prieskumy duševných porúch. Nedostatočná starostlivosť o deti z hľadiska prevencie. Finančné ohodnotenie psychiatrickej starostlivosti patrí k najnižším. Nerealizovaná reforma. Dokončenie. 
610 2 0 |a starostlivosť zdravotná 
610 2 0 |a psychiatria 
610 2 0 |a psychológia 
610 2 0 |a choroby duševné 
610 2 0 |a zdravie 
610 2 0 |a mzdy 
100 1 |a Breier, Peter